000 00735nam a22002537a 4500
003 UA-OsUOA
001 113733
007 ta
008 20151001b un ||||| |||| 00| 0 ukr d
100 _aEerdmans W. B.
090 _a211.2
942 _cBK
040 _aUA-OsUOA
_beng
_cUA-OsUOA
_dUA-OsUOA
245 _aHandbook to Christian Belief
300 _a480 p.
955 _a2
041 _aeng
080 _a211.2
020 _a0-8028-3577-5
260 _aMichigan
_bPublishing Co.
_c1982
650 7 _a21 Природна теологія. Теодицея (Бог). Раціональна теологія Релігійна філософія
_2UDC
999 _c399837
_d399837